000 00685nam a2200253Ia 4500
003 OSt
005 20221005081017.0
006 a|||||r|||| 00| 0
007 ta
008 221004b |||||||| |||| 00| 0 eng d
024 _a53899
037 _cTextual
040 _aCRL
_cCRL
_beng
041 _2eng
_aeng
082 _aR6-33, L8
100 _aChattopadhyaya Debriprasad.
_9510808
245 0 _aLokayata
_b A study in ancient Indian materialism Ed 4.
250 _aEd 4.
260 _aNew Delhi
_bPeople's
_c1978
300 _a696p.
_ccm.
650 _aPHILOSOPHY
942 _hR6-33, L8
_cTEXL
_2cc
999 _c987015
_d987015